| 000 | 00806nam a22002531 4500 | ||
|---|---|---|---|
| 001 | sa 67000277 | ||
| 003 | DLC | ||
| 005 | 20260227112313.0 | ||
| 008 | 740123s1966 ii b 00010 eng | ||
| 010 | _asa 67000277 | ||
| 025 | _aPL480:I-E-7034 | ||
| 043 | _aa-ii--- | ||
| 050 | 0 |
_aJQ247 _b.P22 |
|
| 082 | _a354.54001 | ||
| 100 | 2 | 0 |
_aPai Panandiker, V. A., _d1935- |
| 245 | 1 | 0 |
_aPersonnel system for development administration _c[by] V. A. Pai Panandiker. |
| 260 | 0 |
_aBombay, _bPopular Prakashan _c[1966] |
|
| 300 |
_avii, 236 p. _c22 cm. |
||
| 500 | _a"An outgrowth of my doctoral dissertation submitted at the University of Michigan." | ||
| 504 | _aBibliography: p. [217]-229. | ||
| 650 | 0 |
_aCivil service _zIndia. |
|
| 650 | 0 |
_aPersonnel management _zIndia. |
|
| 650 | 0 | _aPersonnel management. | |
| 999 |
_c71875 _d71875 |
||